Best RBs in College Football - Statistics

General Stats
  • This quiz has been taken 10 times
  • The average score is 3 of 30
Answer Stats
Team Answer % Correct
Michigan Blake Corum
90%
Texas Bijan Robinson
60%
Alabama Jahmyr Gibbs
40%
Kansas State Deuce Vaughn
30%
Ohio State Treveyon Henderson
20%
UCLA Zach Charbonnet
20%
Illinois Chase Brown
10%
Texas A&M Devon Achane
10%
Oklahoma Eric Gray
10%
Clemson Will Shipley
10%
Air Force Brad Roberts
0%
Wisconsin Braelon Allen
0%
Ball State Carson Steele
0%
Kentucky Chris Rodriguez
0%
West Virginia CJ Donaldson
0%
UAB DeWayne McBride
0%
Southern Miss Frank Gore Jr.
0%
Pitt Israel Abanikanda
0%
Georgia Jeremy McIntosh
0%
East Carolina Keaton Mitchell
0%
Central Michigan Lew Nichols
0%
Marshall Rasheen Ali
0%
Syracuse Sean Tucker
0%
Auburn Tank Bigsby
0%
Utah Tavion Thomas
0%
Louisville Tiyon Evans
0%
Tulane Tyjai Spears
0%
Navy Xavier Arline
0%
Arizona State Xazavian Valladay
0%
Ole Miss Zach Evans
0%
No matching quizzes found
Score Distribution
Percent of People with Each Score
Percentile by Number Answered
Your Score History
You have not taken this quiz